00500nam a2200193 a 4500001001300000003000900013005001700022008004100039020001000080082001600090100001700106245002400123260004100147300000900188500003500197505003600232650002100268700001700289nice12345678IN_TiNIC20260116015225.0050524s1945 phia grp 000 0 eng  ac10000a266.09bABE aAberly, John aOutline of Missions aPhiladelphiabMuhlenberg Pressc1945 a306p aincludes index and biblioraphy2 aIndex of Author, Index of Title aMissions-History1 aAberly, John